000 00335nam a2200109Ia 4500
008 171211s9999 xx 000 0 und d
245 _aFighting Words: Religion, Violence, and the Interpretation of Sacred Texts
245 _cJohn Renard
260 _c2012
650 _xReligion
856 _uhttp://down.ebook777.com/062/0520258312.pdf
999 _c350499
_d350499